Modern Hindu Law: (Record no. 35891)

MARC details
000 -LEADER
fixed length control field 02604nam a2200349 4500
005 - DATE AND TIME OF LATEST TRANSACTION
control field 20100510144847.0
008 - FIXED-LENGTH DATA ELEMENTS--GENERAL INFORMATION
fixed length control field 700514s1968 enka 000 0 eng
010 ## - LCCN (DPL NO)
LC control number B-422201-209
020 ## - INTERNATIONAL STANDARD BOOK NUMBER
Terms of availability 350.00
International Standard Book Number 9789380231150
035 ## - SYSTEM CONTROL NUMBER
System control number B-422201-209
037 ## - SOURCE OF ACQUISITION
Source of stock number/acquisition UBH/VEN
040 ## - CATALOGING SOURCE
Original cataloging agency dpl
Language of cataloging English
082 ## - DEWEY DECIMAL CLASSIFICATION NUMBER
Classification number 340.0917645
100 ## - MAIN ENTRY--PERSONAL NAME
Personal name Diwan, Paras
9 (RLIN) 26725
245 ## - TITLE STATEMENT
Title Modern Hindu Law:
Statement of responsibility, etc by Paras Diwan (and) Peeyushi Diwan
Remainder of title (codified and uncodified) /
250 ## - EDITION STATEMENT
Edition statement 20th ed.
260 ## - PUBLICATION, DISTRIBUTION, ETC. (IMPRINT)
Place of publication, distribution, etc Delhi
Name of publisher, distributor, etc Allahabad Law Agency
Date of publication, distribution, etc 2009
270 ## - ADDRESS
Address 1559, Outram Lines, Near Kingsway Camp.
City Delhi
Postal code 110009
300 ## - PHYSICAL DESCRIPTION
Extent xlviii, 610p.
Dimensions 25cm (pbk)
700 ## - ADDED ENTRY--PERSONAL NAME
Personal name Diwan, Peeyushi
9 (RLIN) 26726
942 ## - ADDED ENTRY ELEMENTS (KOHA)
Source of classification or shelving scheme Dewey Decimal Classification
Item type English Books
Call number suffix DIW
Classification part 340.0917645
Holdings
Withdrawn status Lost status Source of classification or shelving scheme Damaged status Not for loan Collection code Home library Current library Date acquired Source of acquisition Cost, normal purchase price Total Checkouts Full call number Barcode Checked out Date last seen Copy number Cost, replacement price Koha item type Total Renewals
    Dewey Decimal Classification     Non-fiction Bawana Bawana 22/03/2011 UBH/089/20.08.10/01.07.10/03.01.2011 350.00 4 340.0917645 DIW B-422208   05/05/2025 1 350.00 English Books  
    Dewey Decimal Classification     Non-fiction Central Library Central Library 22/03/2011 UBH/089/20.08.10/01.07.10/03.01.2011 350.00 2 340.0917645 DIW B-422201 17/10/2017 03/10/2017 1 350.00 English Books  
    Dewey Decimal Classification     Reference Central Library Central Library 22/03/2011 UBH/089/20.08.10/01.07.10/03.01.2011 350.00 1 340.0917645 DIW B-422202   17/01/2023 1 350.00 English Books  
    Dewey Decimal Classification     Non-fiction Janak Puri Janak Puri 22/03/2011 UBH/089/20.08.10/01.07.10/03.01.2011 350.00 8 340.0917645 DIW B-422204   03/12/2021 2 350.00 English Books 7
    Dewey Decimal Classification     Non-fiction Janak Puri Janak Puri 22/03/2011 UBH/089/20.08.10/01.07.10/03.01.2011 350.00 8 340.0917645 DIW B-422205   04/12/2021 2 350.00 English Books 2
Withdrawn   Dewey Decimal Classification     Non-fiction Patel Nagar Patel Nagar 22/03/2011 UBH/089/20.08.10/01.07.10/03.01.2011 350.00   340.0917645 DIW B-422203   22/03/2011 1 350.00 English Books  
    Dewey Decimal Classification     Non-fiction Sarojini Nagar Sarojini Nagar 22/03/2011 UBH/089/20.08.10/01.07.10/03.01.2011 350.00   340.0917645 DIW B-422206   22/03/2011 1 350.00 English Books  
  Written-off vide DLB M. No. 383 dt 16.05.19 Dewey Decimal Classification     Non-fiction Shahdara Branch Shahdara Branch 22/03/2011 UBH/089/20.08.10/01.07.10/03.01.2011 350.00   340.0917645 DIW B-422209   22/03/2011 1 350.00 English Books  
    Dewey Decimal Classification     Non-fiction Vinoba Puri Vinoba Puri 22/03/2011 UBH/089/20.08.10/01.07.10/03.01.2011 350.00 19 340.0917645 DIW B-422207   18/08/2022 1 350.00 English Books 8

© Delhi Public Library
Hit Counter
free hit counter